Canova / (Record no. 159557)
[ view plain ]
| 000 -LEADER | |
|---|---|
| campo de control de longitud fija | 00735nam a2200193 i 4500 |
| 001 - NÚMERO DE CONTROL | |
| campo de control | 159557 |
| 003 - IDENTIFICADOR DE NÚMERO DE CONTROL | |
| campo de control | ES-MaACL |
| 005 - FECHA Y HORA DE LA ÚLTIMA TRANSACCIÓN | |
| campo de control | 20251203063032.0 |
| 008 - DATOS DE LONGITUD FIJA--INFORMACIÓN GENERAL | |
| campo de control de longitud fija | 040715s1898 gw af |||| | ger d |
| 100 1# - ENTRADA PRINCIPAL--NOMBRE DE PERSONA | |
| Nombre de persona | Meyer, Alfred Gotthold, |
| Fechas asociadas al nombre | 1864-1904 |
| 9 (RLIN) | 129887 |
| 245 10 - MENCIÓN DEL TÍTULO | |
| Título | Canova / |
| Mención de responsabilidad, etc. | von Alfred Gotthold Meyer ; mit 98 abbildungen nach skulpturen und zeichnungen. |
| 260 ## - PUBLICACIÓN, DISTRIBUCIÓN, ETC. | |
| Lugar de publicación, distribución, etc. | Bielefeld and Leipzig : |
| Nombre del editor, distribuidor, etc. | Velhagen & Klasing, |
| Fecha de publicación, distribución, etc. | 1898. |
| 300 ## - DESCRIPCIÓN FÍSICA | |
| Extensión | 116 p., [1] h. lám. : |
| Otras características físicas | il. ; |
| Dimensiones | 26 cm. |
| 490 1# - MENCIÓN DE SERIE | |
| Mención de serie | Künstler monographien ; |
| Designación de volumen o secuencia | 36 |
| 600 14 - PUNTO DE ACCESO ADICIONAL DE MATERIA--NOMBRE DE PERSONA | |
| Nombre de persona | Canova, Antonio, |
| Fechas asociadas al nombre | 1757-1822 |
| 9 (RLIN) | 172439 |
| 830 1# - PUNTO DE ACCESO ADICIONAL DE SERIE-TÍTULO UNIFORME | |
| Título uniforme | Künstler monographien ; |
| Designación de volumen o secuencia | 36 |
| 9 (RLIN) | 221948 |
| 852 ## - LOCALIZACIÓN | |
| Ubicación | ES-MaACL |
| Número de control de estantería | C-29825 |
| Nota libre | - Donat. José Antonio Llardent |
| Estatus retirado | Estado de pérdida | Estado de daño | No para préstamo | Colección | Biblioteca de origen | Biblioteca actual | Ubicación en estantería | Fecha de adquisición | Fuente de adquisición | Total de préstamos | Signatura topográfica completa | Código de barras | Visto por última vez | Precio de reemplazo | Tipo de ítem Koha |
|---|---|---|---|---|---|---|---|---|---|---|---|---|---|---|---|
| Libros del s. XIX | Biblioteca del Ateneo de Madrid | Biblioteca del Ateneo de Madrid | Depósito 2 | 17/01/2008 | C-29825 | 1167036 | 23/02/2023 | 23/02/2023 | Libro impreso antiguo |
